[Event "Witwatersrand op"]
[Site "Witwatersrand"]
[Date "2017.07.03"]
[Round "2.5"]
[White "Ogundipe, Timi"]
[Black "Mafanya, Kulasande"]
[Result "0-1"]
[WhiteElo "1130"]
[BlackElo "1982"]
[PlyCount "50"]
[EventDate "2017.07.03"]
[EventType "swiss"]
[EventRounds "9"]
[EventCountry "RSA"]
[SourceTitle "EXT 2018"]
[Source "ChessBase"]
[SourceDate "2017.10.13"]
[SourceVersion "1"]
[SourceVersionDate "2017.10.13"]
[SourceQuality "1"]

1. d4 Nf6 2. c4 g6 3. Nc3 d5 4. Nf3 Bg7 5. Bf4 0-0 6. e3 c5 7. Be2 Nc6 8. Nb5 Bg4 9. dxc5 Ne4 10. cxd5 Qa5+ 11. Nd2 Bxe2 12. Qxe2 Nxd2 13. Qxd2 Qxb5 14. dxc6 Rad8 15. Qe2 Qb4+ 16. Kf1 Rd2 17. Qe1 bxc6 18. e4 Qb5+ 19. Kg1 Re2 20. Qf1 Qxb2 21. Re1 Rxe1 22. Qxe1 Qxa2 23. e5 Rb8 24. Bc1 Rb1 25. Qd1 Qc4 0-1